Wprowadzenie
| Titel: | Wprowadzenie |
|---|---|
| Verfasser: | |
| In: |
Wilno teatralne, (1998), Seite 5-7 alle Artikel anzeigen |
| Veröffentlicht: | 1998 |
| Format: | Aufsatz |
| Sprache: | Litauisch |
X
alg: 39242298 001A $01999:11-11-16 001B $01999:28-04-17 $t14:58:43.000 001D $01999:11-11-16 001U $0utf8 001X $00 002@ $0Aox 003@ $0392422980 007A $0392422980 $aHEB 007T $0Herdc0020946v 010@ $alit 011@ $a1998 021A $aWprowadzenie 028A $aKozłowska $dM. 031A $h5-7 $j1998 039B $aIn $8--Aau--. Wilno teatralne. - Wyd. 1. - Warszawa, 1998. - 511 S.. - Ill.. - ISBN 83-87789-02-X $x199800000000000995 $9091163048 lok: 39242298 78 exp: 39242298 78 1 #EPN 201B/01 $019-04-17 $t11:14:55.000 201U/01 $0utf8 203@/01 $0788520709 208@/01 $a11-11-16 $be 209A/01 $a/ $f000 $x00 220C/01 $aHerkunft: LII / T. Baranauskas 244Z/01 $2Trx $#Litauen $#Lithuania $#Litwa $#Litva $#Litva $8--Trx--Lietuva $x01 $9391193457 244Z/01 $2Trx $8--Trx--Einzelbeiträge $x02 $9391384570 247C/01 $82080>Marburg/Lahn, Herder-Institut, Forschungsbibliothek, Bibliographieportal $9336309341
| LEADER | 00000caa a22000002c 4500 | ||
|---|---|---|---|
| 001 | 392422980 | ||
| 003 | DE-603 | ||
| 005 | 20170428145843.0 | ||
| 007 | tu | ||
| 008 | 161111s1998 xx |||| | u00||u|lit c | ||
| 035 | |a (DE-599)HEB392422980 | ||
| 040 | |a DE-603 |b ger |c DE-603 |d DE-603 | ||
| 041 | |a lit | ||
| 100 | 1 | |a Kozłowska, M. | |
| 245 | 0 | 0 | |a Wprowadzenie |
| 264 | 0 | |c 1998 | |
| 773 | 0 | 8 | |i In |t Wilno teatralne |b Wyd. 1 |d Warszawa, 1998 |h 511 S., Ill. |z 838778902X |z 8385161775 |z 8390887118 |g (1998), Seite 5-7 |w (DE-603)091163048 |
| 924 | 0 | |9 2080 |a (DE-603)788520709 |b DE-2080 |c HES |d d |g / | |


